<?xml version="1.0" encoding="UTF-8"?>
<record
    xmlns:xsi="http://www.w3.org/2001/XMLSchema-instance"
    xsi:schemaLocation="http://www.loc.gov/MARC21/slim http://www.loc.gov/standards/marcxml/schema/MARC21slim.xsd"
    xmlns="http://www.loc.gov/MARC21/slim">

  <leader>00679nam a22001577a 4500</leader>
  <controlfield tag="003">OSt</controlfield>
  <controlfield tag="005">20150918171648.0</controlfield>
  <controlfield tag="008">150918b        xxu||||| |||| 00| 0 eng d</controlfield>
  <datafield tag="040" ind1=" " ind2=" ">
    <subfield code="c">RUA</subfield>
  </datafield>
  <datafield tag="082" ind1=" " ind2=" ">
    <subfield code="a">AGR KEO 2006 BO33 Or.1</subfield>
  </datafield>
  <datafield tag="100" ind1=" " ind2=" ">
    <subfield code="9">802</subfield>
    <subfield code="a">KEO, SOKHA</subfield>
  </datafield>
  <datafield tag="245" ind1=" " ind2=" ">
    <subfield code="a">Effect of lime rate in rice medium for growth of oyster mushroom mecellium,(&#x17A5;&#x1791;&#x17D2;&#x1792;&#x17B7;&#x1796;&#x179B;&#x1793;&#x17C3;&#x17A2;&#x178F;&#x17D2;&#x179A;&#x17B6;&#x1780;&#x17C6;&#x1794;&#x17C4;&#x17C1;&#x1780;&#x17A0;&#x1793;&#x17BB;&#x1784;&#x1798;&#x1787;&#x17D2;&#x1788;&#x178A;&#x17D2;&#x178B;&#x17B6;&#x1793;&#x179B;&#x17D2;&#x1794;&#x17B6;&#x1799;&#x179F;&#x17D2;&#x179A;&#x17BC;&#x179C;&#x1791;&#x17C5;&#x179B;&#x17BE;&#x1780;&#x17B6;&#x179A;&#x179B;&#x17BC;&#x178F;&#x179B;&#x17B6;&#x179F;&#x17CB;&#x179A;&#x1794;&#x179F;&#x17CB;&#x1798;&#x17B8;&#x179F;&#x17C1;&#x178A;&#x17D2;&#x1799;&#x17BC;&#x1798;&#x1795;&#x17D2;&#x179F;&#x17B7;&#x178F;&#x17A2;&#x17C6;&#x1794;&#x17C4;&#x17C7;). </subfield>
  </datafield>
  <datafield tag="260" ind1=" " ind2=" ">
    <subfield code="a">phnom phen</subfield>
    <subfield code="b">RUA</subfield>
    <subfield code="c">2006</subfield>
  </datafield>
  <datafield tag="300" ind1=" " ind2=" ">
    <subfield code="a">XIII, 38p.</subfield>
    <subfield code="b">ill.</subfield>
    <subfield code="c">29cm.</subfield>
  </datafield>
  <datafield tag="942" ind1=" " ind2=" ">
    <subfield code="2">ddc</subfield>
    <subfield code="c">AGR</subfield>
  </datafield>
  <datafield tag="999" ind1=" " ind2=" ">
    <subfield code="c">774</subfield>
    <subfield code="d">774</subfield>
  </datafield>
  <datafield tag="952" ind1=" " ind2=" ">
    <subfield code="0">0</subfield>
    <subfield code="1">0</subfield>
    <subfield code="2">ddc</subfield>
    <subfield code="4">0</subfield>
    <subfield code="6">AGR_KEO_2006_000000000000000_BO33_OR_1</subfield>
    <subfield code="7">0</subfield>
    <subfield code="9">3124</subfield>
    <subfield code="a">LBB</subfield>
    <subfield code="b">LBB</subfield>
    <subfield code="c">B033</subfield>
    <subfield code="d">2015-09-18</subfield>
    <subfield code="l">3</subfield>
    <subfield code="o">AGR KEO 2006 BO33 Or.1</subfield>
    <subfield code="p">RUA002767</subfield>
    <subfield code="r">2020-07-06</subfield>
    <subfield code="s">2019-05-17</subfield>
    <subfield code="w">2015-09-18</subfield>
    <subfield code="y">AGR</subfield>
  </datafield>
  <datafield tag="952" ind1=" " ind2=" ">
    <subfield code="0">0</subfield>
    <subfield code="1">0</subfield>
    <subfield code="2">ddc</subfield>
    <subfield code="4">0</subfield>
    <subfield code="6">AGR_KEO_2006_000000000000000_BO33_OR_2</subfield>
    <subfield code="7">0</subfield>
    <subfield code="9">3125</subfield>
    <subfield code="a">LBB</subfield>
    <subfield code="b">LBB</subfield>
    <subfield code="c">B033</subfield>
    <subfield code="d">2015-09-18</subfield>
    <subfield code="l">7</subfield>
    <subfield code="m">2</subfield>
    <subfield code="o">AGR KEO 2006 BO33 Or.2</subfield>
    <subfield code="p">RUA002695</subfield>
    <subfield code="r">2020-02-12</subfield>
    <subfield code="s">2019-12-27</subfield>
    <subfield code="w">2015-09-18</subfield>
    <subfield code="y">AGR</subfield>
  </datafield>
  <datafield tag="952" ind1=" " ind2=" ">
    <subfield code="0">0</subfield>
    <subfield code="1">0</subfield>
    <subfield code="2">ddc</subfield>
    <subfield code="4">0</subfield>
    <subfield code="6">AGR_KEO_2006_000000000000000_BO33_OR_3</subfield>
    <subfield code="7">0</subfield>
    <subfield code="9">3126</subfield>
    <subfield code="a">LBB</subfield>
    <subfield code="b">LBB</subfield>
    <subfield code="c">B033</subfield>
    <subfield code="d">2015-09-18</subfield>
    <subfield code="l">4</subfield>
    <subfield code="o">AGR KEO 2006 BO33 Or.3</subfield>
    <subfield code="p">RUA002824</subfield>
    <subfield code="r">2019-07-26</subfield>
    <subfield code="s">2019-07-01</subfield>
    <subfield code="w">2015-09-18</subfield>
    <subfield code="y">AGR</subfield>
  </datafield>
</record>
